Hämatologie: Zellen - Statistiken

Allgemein
  • Dieses Quiz wurde 40 mal gespielt
  • Das Durchschnittsergebnis liegt bei 10 aus 32
Antwortstatistiken
Bildquiz Antwort % Korrekt
Erythrozyt
74%
Lymphozyt
65%
Basophiler
57%
Eosinophiler
57%
Metamyelozyt
52%
Monozyt
52%
Promyelozyt
52%
Stabkerniger
52%
Kernschatten
48%
Haarzelle
43%
Malaria / Plasmodium falciparum
43%
Basophile Tüpfelung
39%
Thrombozyten Aggregat
39%
LGL
35%
Segmentkerniger
35%
Myelozyt
30%
Polychromatischer Erythrozyt
30%
Thrombozyt
30%
Orthochromatischer Erythroblast
26%
Plasmazelle
26%
Reaktiver Lymphozyt
26%
Howell-Jolly
22%
Apoptose
17%
Mott-Zelle
17%
Polychromatischer Erythroblast
17%
Prolymphozyt
17%
Faggot Zelle
13%
Döhle Körperchen
9%
Proerythroblast
9%
Basophiler Erythroblast
4%
Pappenheim-Körper
4%
Sézary Zelle
4%
Keine übereinstimmenden Quizze gefunden
Verteilung der Resultate
Anzahl Personen mit jedem Resultat
Perzentil nach korrekt beantworteten Fragen
Ihre Resultats-Entwicklung
Sie haben dieses Quiz noch nicht gespielt